| 000 | 00769nam a2200205Ia 4500 | ||
|---|---|---|---|
| 001 | 376 | ||
| 003 | GE_BSU | ||
| 008 | 181216s||||||||xx |||||||||||||| ||und|| | ||
| 020 | _a9789941027277 | ||
| 040 | _cGE_BSU | ||
| 080 | _a796(072) | ||
| 245 | _aგზამკვლევების კრებული სპორტის სახეობებში ზოგადსაგანმანლო დაწესებულებებისათვის | ||
| 245 | _b(VII-XII კლასებში) | ||
| 260 | _aთბილისი | ||
| 260 | _c2010 | ||
| 300 | _a216გვ. | ||
| 541 | _h15ლ. | ||
| 653 | _aგზამკვლევების კრებული სპორტის სახეობებში | ||
| 942 | _cBK | ||
| 999 |
_c34614 _d34614 |
||